01741cam a22003615a 4500001001000000003000400010005001700014008004100031020002500072020002500097040003600122082002400158100002100182245007800203246003700281250001200318260004400330300002700374490003600401500006200437520031000499650006200809651001000871653002400881700003500905700002000940700005500960776003301015942000801048999001701056952015801073952014801231016956013OSt20161015122851.0141117t2015 nju fr 000 0 eng d z9781118999509 (pbk.) z9781118999493 (hpk.) aStDuBDSbengcStDuBDSdEG-ScBUE04a332.632044bPIN2221 aPinto, Jerald E.10aFixed income analysis /cJerald E. Pinto, Barbara Petitt, Wendy L. Pirie.33aFixed income analysis : workbook a3rd ed. aHoboken : bJohn Wiley & Sons,cc.2015. a2 v. :bill. ;c24 cm.0 aCFA Institute investment series aPrevious edition: published as by Frank J. Fabozzi. 2007. aThe essential guide to fixed income portfolio management, from the experts at CFA Fixed Income Analysis is a new edition of Frank Fabozzi's Fixed Income Analysis, Second Edition that provides authoritative and up-to-date coverage of how investment professionals analyze and manage fixed income portfolios. 0aFixed-income securitiesvProblems, exercises, etc.2BUEsh 2BUEsh bBUSADMcOctober20161 aPetitt, Barbara S. Pécherot.1 aPirie, Wendy L.1 aFabozzi, Frank J.tFixed income analysis workbook.08iPrint versionz9781118999509 2ddc c22575d22547 00102ddc40708AcademicaMAINbMAINc1STd2016-10-15ePurchaseg1066.00h9154l0o332.632044 PINp000034076r2025-07-15 00:00:00v1332.00yBBzWorkbook 00102ddc40708AcademicaMAINbMAINc1STd2016-10-15ePurchaseg1066.00h9154l0o332.632044 PINp000034074r2025-07-15 00:00:00v1332.00yBB